La teoría económica de John Maynard Keynes : (Registro nro. 7345)
[ vista simple ]
| 000 -LEADER | |
|---|---|
| fixed length control field | 01609cam a2200385 i 4500 |
| 001 - CONTROL NUMBER | |
| control field | 7345 |
| 003 - CONTROL NUMBER IDENTIFIER | |
| control field | Mx-PuUPA |
| 005 - DATE AND TIME OF LATEST TRANSACTION | |
| control field | 20251125143235.0 |
| 008 - FIXED-LENGTH DATA ELEMENTS--GENERAL INFORMATION | |
| fixed length control field | 140415s1964 sp a gr 001 0 spa d |
| 017 ## - COPYRIGHT OR LEGAL DEPOSIT NUMBER | |
| Copyright or legal deposit number | M. 1.384.1964 |
| 040 ## - CATALOGING SOURCE | |
| Transcribing agency | Mx-PuUPA |
| Original cataloging agency | Mx-PuUPA |
| Language of cataloging | spa |
| Modifying agency | Mx-PuUPA |
| Description conventions | rda |
| 041 1# - LANGUAGE CODE | |
| Language code of text/sound track or separate title | spa |
| Language code of original | eng |
| 100 1# - MAIN ENTRY--PERSONAL NAME | |
| Personal name | Dillard, Dudley D., |
| 9 (RLIN) | 17618 |
| Relator term | autor |
| 240 14 - UNIFORM TITLE | |
| Uniform title | The Economics of John Maynard Keynes. |
| Language of a work | Español |
| 245 13 - TITLE STATEMENT | |
| Title | La teoría económica de John Maynard Keynes : |
| Remainder of title | teoría de una economía monetaria / |
| Statement of responsibility, etc. | Dudley Dillard ; traducción del inglés por José Díaz García |
| 250 ## - EDITION STATEMENT | |
| Edition statement | Sexta edición |
| 264 #1 - PRODUCTION, PUBLICATION, DISTRIBUTION, MANUFACTURE, AND COPYRIGHT NOTICE | |
| Place of production, publication, distribution, manufacture | Madrid, España : |
| Name of producer, publisher, distributor, manufacturer | Aguilar, |
| Date of production, publication, distribution, manufacture, or copyright notice | 1964 |
| 300 ## - PHYSICAL DESCRIPTION | |
| Extent | xx, 372 páginas ; |
| Dimensions | 18 cm |
| 336 ## - CONTENT TYPE | |
| Fuente | rdacontent |
| Content type term | texto |
| Content type code | txt |
| 337 ## - MEDIA TYPE | |
| Source | rdamedia |
| Media type term | sin medio |
| Media type code | n |
| 338 ## - CARRIER TYPE | |
| Source | rdacarrier |
| Carrier type term | volumen |
| Carrier type code | nc |
| 490 0# - SERIES STATEMENT | |
| Series statement | Biblioteca de Ciencias Sociales. Sección I: Economía |
| 600 14 - SUBJECT ADDED ENTRY--PERSONAL NAME | |
| Personal name | Keynes, John Maynard |
| Chronological subdivision | 1883-1946 |
| Form subdivision | Crítica e interpretación |
| 650 #7 - SUBJECT ADDED ENTRY--TOPICAL TERM | |
| Source of heading or term | armarc |
| Topical term or geographic name entry element | Economía Keynesiana |
| 650 #7 - SUBJECT ADDED ENTRY--TOPICAL TERM | |
| Source of heading or term | armarc |
| Topical term or geographic name entry element | Moneda |
| 650 #7 - SUBJECT ADDED ENTRY--TOPICAL TERM | |
| Source of heading or term | armarc |
| Topical term or geographic name entry element | Sistemas económicos |
| 700 1# - ADDED ENTRY--PERSONAL NAME | |
| Personal name | Díaz García, José, |
| Relator term | traductor |
| 765 0# - ORIGINAL LANGUAGE ENTRY | |
| Main entry heading | Dillard, Dudley |
| Title | The Economics of John Maynard Keynes : the theory of a monetary economy |
| 942 ## - ADDED ENTRY ELEMENTS (KOHA) | |
| Source of classification or shelving scheme | Dewey Decimal Classification |
| Koha item type | Libro |
| Classification part | 330.1 |
| Item part | D5718 |
| 506 ## - RESTRICTIONS ON ACCESS NOTE | |
| Terms governing access | Acceso exclusivo para la comunidad UPAEP vigente. |
| 588 ## - SOURCE OF DESCRIPTION NOTE | |
| Source of description note | Recurso en línea; título de la página de título del PDF (OvidEspañol, consultado el 05 de enero de 2021). |
| Withdrawn status | Lost status | Source of classification or shelving scheme | Damaged status | Not for loan | Collection code | Home library | Current library | Shelving location | Date acquired | Source of acquisition | Cost, normal purchase price | Total Checkouts | Full call number | Barcode | Date last seen | Cost, replacement price | Price effective from | Koha item type |
|---|---|---|---|---|---|---|---|---|---|---|---|---|---|---|---|---|---|---|
| Dewey Decimal Classification | General | Biblioteca Karol Wojtyla | Biblioteca Karol Wojtyla | Sala general | 03/12/2013 | Donación | 0.00 | 330.1 D5718 1964 | 49618 | 19/01/2026 | 0.00 | 03/12/2013 | Libro |